Capitales les plus hautes du monde - Statistiques

Statistiques générales
  • Ce quiz a été pris 35 fois
  • Le résultat moyen est 3 sur 7
Statistiques - réponses
Hint Réponse % Correct
3 640 m La Paz
97%
2 850 m Quito
63%
2 240 m Mexico
59%
2 600 m Bogota
56%
2 355 m Addis-Abeba
28%
2 325 m Asmara
6%
2 250 m Sanaa
6%
Aucun quiz correspondant
Distribution des résultats
% des personnes avec chaque résultat
Percentile par nombre de réponses
Votre historique - résultats
Vous n’avez pas pris ce quiz